Представление документа в формате RUSMARC

Поле Инд. ПП Название Значение
Тип записи a
Библиографический уровень a
001 Контрольный номер 30b9d7f74dbb4a90bf5bf05fbf1cf786
005 Дата корректировки 20190128125025.9
100 a Данные общей обработки 20190128 ||| 0rusy0189 ca
101 0_ a Язык текста rus
102 a Страна публикации RU
200 1_ f Первые сведения об ответственности А.А. Рожнов
a Заглавие Виды судов в Российской империи во второй четверти XIX века
b Общее обозначение материала Текст
210 1_ d Дата издания 2018
461 _0 1 2000
a Российский судья
463 _0 1 2000
a № 12
v С. 48-52
1 2101
d 2018
1 001e37c7eefbb94412caf0a55b6f9c17404
606 a Основная рубрика История государства и права
610 0_ a Ключевые слова ИСТОРИЯ ПРАВА РОССИИ
a Ключевые слова ИСТОРИЯ РОССИЙСКОГО СУДА
700 _1 a Фамилия Рожнов
b Имя А.А.
801 _0 a Страна RU
b Организация РГУП
c Дата составления 20190128
g Правила каталогизации PSBO
801 _1 a Страна RU
b Организация РГУП
c Дата составления 20190128
g Правила каталогизации PSBO
901 t Тип документа b
w Контрольный № источника e37c7eefbb94412caf0a55b6f9c17404
905 a Дата ввода 20190128